Changing the homebuying process (Record no. 106335)

MARC details
000 -LEADER
fixed length control field 01526cam a22002895a 4500
001 - CONTROL NUMBER
control field E136166
008 - FIXED-LENGTH DATA ELEMENTS--GENERAL INFORMATION
fixed length control field 070116s2006 xxk f 000 0 eng d
020 ## - INTERNATIONAL STANDARD BOOK NUMBER
International Standard Book Number 9781904388630
035 ## - SYSTEM CONTROL NUMBER
System control number (Sirsi) u136166
041 0# - LANGUAGE CODE
Language code of text/sound track or separate title eng
050 04 - LIBRARY OF CONGRESS CALL NUMBER
Classification number 333.33 $2 18
100 1# - MAIN ENTRY--PERSONAL NAME
Personal name Legrand, Christopher
245 00 - TITLE STATEMENT
Title Changing the homebuying process
Remainder of title home information packs and home condition reports
-- a CPD study pack
250 ## - EDITION STATEMENT
Edition statement 3rd ed.
260 ## - PUBLICATION, DISTRIBUTION, ETC.
Place of publication, distribution, etc. Reading
Name of publisher, distributor, etc. College of Estate Management
Date of publication, distribution, etc. 2006
350 ## - PRICE (NR) (BK AM CF MU VM SE) [OBSOLETE]
Price 37
490 #0 - SERIES STATEMENT
Series statement College of Estate Management CPD Study Pack
520 ## - SUMMARY, ETC.
Summary, etc. The Housing Act 2004 became law on the 18 November 2004. It introduces the most significant changes in the home buying process in the UK since the Law Property Act 1925. This study paper deals mainly with the Home Condition Report which forms part of the planned Home Information Pack. The paper deals with all the standards required to be a Home Inspector, requirements for electronic reporting and inspection standards as well as the introduction of Energy Certificates and the planned programme for the introduction of Home Condition Reports. [CEM].
520 ## - SUMMARY, ETC.
Summary, etc. No audio material accompanies this item.
520 ## - SUMMARY, ETC.
Summary, etc. Supersedes 2005 edition (ISBN 1904388388).
650 24 - SUBJECT ADDED ENTRY--TOPICAL TERM
Topical term or geographic name entry element HOME INFORMATION PACKS
650 24 - SUBJECT ADDED ENTRY--TOPICAL TERM
Topical term or geographic name entry element HOUSING ACT 2004 PART V
651 #4 - SUBJECT ADDED ENTRY--GEOGRAPHIC NAME
Geographic name England and Wales
Chronological subdivision 1543-
690 ## - LOCAL SUBJECT ADDED ENTRY--TOPICAL TERM (OCLC, RLIN)
Topical term or geographic name as entry element PROPERTY-RESIDENTIAL PROPERTY-ACQUISITION AND DISPOSAL OF RESIDENTIAL PROPERTY
710 2# - ADDED ENTRY--CORPORATE NAME
Corporate name or jurisdiction name as entry element College of Estate Management
9 (RLIN) 400
942 ## - ADDED ENTRY ELEMENTS (KOHA)
Suppress in OPAC 0
Holdings
Withdrawn status Lost status Source of classification or shelving scheme Damaged status Not for loan Home library Current library Shelving location Date acquired Cost, normal purchase price Total Checkouts Full call number Barcode Date last seen Date last checked out Copy number Cost, replacement price Price effective from Koha item type
    Dewey Decimal Classification     London London Enquiry desk 16/02/2007 37.00 3 BASEMENT 6 30073685 06/08/2019 23/11/2009 6 37.00 06/08/2019 Audio